Tác phẩm văn học: Bình giảng và phân tích; T2

Shranjeno v:
Bibliografske podrobnosti
Glavni avtor: Phạm Minh Đức
Format: Knjiga
Jezik:Undetermined
Izdano: Hà Nội Văn Học 2001
Teme:
Oznake: Označite
Brez oznak, prvi označite!
Thư viện lưu trữ: Trung tâm Học liệu Trường Đại học Cần Thơ
LEADER 00578nam a2200193Ia 4500
001 CTU_41874
008 210402s9999 xx 000 0 und d
020 |b 35.000đ 
082 |a 809 
082 |b T101/T2 
100 |a Phạm Minh Đức 
245 0 |a Tác phẩm văn học: Bình giảng và phân tích; T2 
245 0 |c Phạm Minh Đức 
260 |a Hà Nội 
260 |b Văn Học 
260 |c 2001 
650 |a vietnamese literature - history and criticism 
904 |i Minh, 010615 
980 |a Trung tâm Học liệu Trường Đại học Cần Thơ